| 000 | 00469nam a2200181Ia 4500 | ||
|---|---|---|---|
| 005 | 20260429111945.0 | ||
| 008 | 260429s9999||||xx |||||||||||||| ||und|| | ||
| 020 | _a9789363864061 | ||
| 041 | _aEnglish | ||
| 082 |
_a658.80285 _bSIN |
||
| 100 | _aSingh, Shiv | ||
| 245 | 0 |
_aMarketing with AI / _cShiv Singh |
|
| 260 |
_aIndia : _bWiley, _c2025. |
||
| 300 | _axii, 385 p.; pbk | ||
| 650 | _a Artificial intelligence | ||
| 650 | _aMarketing management | ||
| 942 | _cTB | ||
| 999 |
_c51614 _d51614 |
||